Bilecik Bilecik Bilecik Bilecik Bilecik

Pazarlama yönetimi : (Record no. 28664)

MARC details
000 -BAŞLIK
Sabit Uzunluktaki Kontrol Alanı 01330nam a22004337a 4500
001 - KONTROL NUMARASI
Control Dosyası 0028742
003 - KONTROL NUMARASI KİMLİĞİ
Kontrol Alanı KOHA_MİRAKIL
005 - EN SON İŞLEM TARİHİ ve ZAMANI
Kontrol Alanı 20260207002639.0
007 - FİZİKSEL TANIM SABİT ALAN - GENEL BİLGİ
Sabit uzunluklu kontrol alanı ta
008 - SABİT UZUNLUKTAKİ VERİ ÖGELERİ - GENEL BİLGİ
Sabit Alan 110321b1982 tu |||gr||||#||||0|tur |
020 ## - ISBN - ULUSLARARASI STANDART KİTAP NUMARASI
Kullanılabilirlik koşulları 0,01
040 ## - KATALOGLAMA KAYNAĞI
Özgün Kataloglama Kurumu TR-BiSEU
Kataloglama Dili tur
Çeviri Kurumu TR-BiSEU
Açıklama Kuralları rda
041 0# - DİL KODU
Metin ya da ses kaydının dil kodu tur
044 ## - YAYINLAYAN/ÜRETEN KURULUŞUN ÜLKE KODU
ISO country code tu
050 ## - SINIFLAMA ve YER NUMARASI
Sınıflama Numarası HF5415
Yer Numarası .P29 1982
245 0# - ESER ADI BİLDİRİMİ
Başlık Pazarlama yönetimi :
Alt Eseradı vb. vak'alar/
Sorumluluk Bildirimi edt. Muhittin Karabulut, İsmail Kaya.
264 #1 - ÜRERİM, YAYIN, DAĞITIM ve TELİF BİLDİRİMİ
Yayın yeri İstanbul :
Yayınlayan İstanbul Üniversitesi İşletme Fakültesi İşletme İktisadı Enstitüsü
Yayın tarihi 1982
300 ## - FİZİKSEL TANIMLAMA
Sayfa, Cilt vb. XIII, 254 s. ;
Boyutları 23cm.
336 ## - İÇERİK TÜRÜ
Content type term metin
Content type code txt
Source rdacontent
337 ## - MEDYA TÜRÜ
Media type term aracısız
Media type code n
Source rdamedia
338 ## - TAŞIYICI TÜRÜ
Carrier type term cilt
Carrier type code nc
Source rdacarrier
490 0# - DİZİ BİLDİRİMİ
Dizi Bildirimi İstanbul Üniversitesi yayın no.
490 0# - DİZİ BİLDİRİMİ
Dizi Bildirimi 2889.
490 0# - DİZİ BİLDİRİMİ
Dizi Bildirimi İşletme Fakültesi yayın no.
490 0# - DİZİ BİLDİRİMİ
Dizi Bildirimi 128.
490 0# - DİZİ BİLDİRİMİ
Dizi Bildirimi İşletme İktisadı Ens.
490 0# - DİZİ BİLDİRİMİ
Dizi Bildirimi yayın no.
490 0# - DİZİ BİLDİRİMİ
Dizi Bildirimi 55
650 #0 - KONU BAŞLIĞI EK GİRİŞ - KONU TERİMİ
Konusal terim veya coğrafi ad Pazarlama--Vaka çalışması.
9 (RLIN) 56914
650 #0 - KONU BAŞLIĞI EK GİRİŞ - KONU TERİMİ
Konusal terim veya coğrafi ad Marketing--Case studies.
9 (RLIN) 36405
830 0# - SERİ EK GİRİŞİ - TEKBİÇİM ESER ADI
Tekbiçim Başlık İstanbul Üniversitesi yayın no.
9 (RLIN) 33108
830 0# - SERİ EK GİRİŞİ - TEKBİÇİM ESER ADI
Tekbiçim Başlık 2889.
9 (RLIN) 56915
830 0# - SERİ EK GİRİŞİ - TEKBİÇİM ESER ADI
Tekbiçim Başlık İşletme Fakültesi yayın no.
9 (RLIN) 10652
830 0# - SERİ EK GİRİŞİ - TEKBİÇİM ESER ADI
Tekbiçim Başlık 128.
9 (RLIN) 10537
830 0# - SERİ EK GİRİŞİ - TEKBİÇİM ESER ADI
Tekbiçim Başlık İşletme İktisadı Ens.
9 (RLIN) 56916
830 0# - SERİ EK GİRİŞİ - TEKBİÇİM ESER ADI
Tekbiçim Başlık yayın no.
9 (RLIN) 22792
830 0# - SERİ EK GİRİŞİ - TEKBİÇİM ESER ADI
Tekbiçim Başlık 55
9 (RLIN) 16913
942 ## - EK GİRİŞ ÖGELERİ (KOHA)
Source of classification or shelving scheme Library of Congress Classification
Koha item type Book
Holdings
Materyal Türü Kalıcı Konum Mevcut Konum Raf Yeri Sınıflandırma Kaynağı Edinim Bilgisi Ana Konular Alt Konular Yer Numarası Demirbaş Numarası Fatura Tarihi Geri Çekilme Durumu Kayıp Durumu Hasarlı Durumu Kredi için değil Kayıt Tarih Toplam Ödünçverme Son Görülme Tarihi Son Kontrol Tarihi Genel / Bağış Notu
Book Prof. Dr. Azmi Özcan Kütüphanesi Prof. Dr. Azmi Özcan Kütüphanesi Uluğbey Salonu Library of Congress Classification Bağış SOSYAL BİLİMLER Ticaret HF5415 .P29 1982 0028742 02/02/2026         21/03/2011 2 05/12/2024 05/12/2024 Genel Bağış